<?xml version="1.0" encoding="UTF-8"?>
<record
    xmlns:xsi="http://www.w3.org/2001/XMLSchema-instance"
    xsi:schemaLocation="http://www.loc.gov/MARC21/slim http://www.loc.gov/standards/marcxml/schema/MARC21slim.xsd"
    xmlns="http://www.loc.gov/MARC21/slim">

  <leader>00338nam a22001097a 4500</leader>
  <datafield tag="020" ind1=" " ind2=" ">
    <subfield code="a">9781868428625</subfield>
  </datafield>
  <datafield tag="082" ind1=" " ind2=" ">
    <subfield code="a">J 796.358092 DANI</subfield>
  </datafield>
  <datafield tag="245" ind1=" " ind2=" ">
    <subfield code="a">AB de Villiers</subfield>
    <subfield code="c">Jeremy Daniel</subfield>
  </datafield>
  <datafield tag="260" ind1=" " ind2=" ">
    <subfield code="a">SA Cape town &amp; Jhb</subfield>
    <subfield code="b">Jonathan Ball Publishers</subfield>
    <subfield code="c">2018</subfield>
  </datafield>
  <datafield tag="942" ind1=" " ind2=" ">
    <subfield code="2">ddc</subfield>
    <subfield code="k">796.358092</subfield>
    <subfield code="m">J 796.358092 DANI</subfield>
  </datafield>
  <datafield tag="999" ind1=" " ind2=" ">
    <subfield code="c">630444</subfield>
    <subfield code="d">630443</subfield>
  </datafield>
  <datafield tag="952" ind1=" " ind2=" ">
    <subfield code="0">0</subfield>
    <subfield code="1">0</subfield>
    <subfield code="2">ddc</subfield>
    <subfield code="4">0</subfield>
    <subfield code="6">J_796_358092000000000_DANI</subfield>
    <subfield code="7">0</subfield>
    <subfield code="9">543661</subfield>
    <subfield code="a">STANRL</subfield>
    <subfield code="b">SAKHL</subfield>
    <subfield code="d">2022-02-07</subfield>
    <subfield code="l">0</subfield>
    <subfield code="o">J 796.358092 DANI</subfield>
    <subfield code="p">33228031012687</subfield>
    <subfield code="r">2022-02-07</subfield>
    <subfield code="w">2022-02-07</subfield>
  </datafield>
  <datafield tag="952" ind1=" " ind2=" ">
    <subfield code="0">0</subfield>
    <subfield code="1">0</subfield>
    <subfield code="2">ddc</subfield>
    <subfield code="4">0</subfield>
    <subfield code="6">J_796_358092000000000_DANI</subfield>
    <subfield code="7">0</subfield>
    <subfield code="9">544337</subfield>
    <subfield code="a">KWAML</subfield>
    <subfield code="b">DELML</subfield>
    <subfield code="c">GEN</subfield>
    <subfield code="d">2022-02-25</subfield>
    <subfield code="o">J 796.358092 DANI</subfield>
    <subfield code="p">33228031022498</subfield>
    <subfield code="r">2022-02-25</subfield>
    <subfield code="w">2022-02-25</subfield>
  </datafield>
  <datafield tag="952" ind1=" " ind2=" ">
    <subfield code="0">0</subfield>
    <subfield code="1">0</subfield>
    <subfield code="4">0</subfield>
    <subfield code="6">J_796_358092000000000_DANI</subfield>
    <subfield code="7">0</subfield>
    <subfield code="8">700</subfield>
    <subfield code="9">678655</subfield>
    <subfield code="a">ERMEL</subfield>
    <subfield code="b">CAROL</subfield>
    <subfield code="c">CHILD</subfield>
    <subfield code="d">2023-03-02</subfield>
    <subfield code="l">0</subfield>
    <subfield code="o">J 796.358092 DANI</subfield>
    <subfield code="p">33228031004556</subfield>
    <subfield code="r">2023-03-02</subfield>
    <subfield code="w">2023-03-02</subfield>
    <subfield code="y">BOOK</subfield>
  </datafield>
  <datafield tag="952" ind1=" " ind2=" ">
    <subfield code="0">0</subfield>
    <subfield code="1">0</subfield>
    <subfield code="4">0</subfield>
    <subfield code="6">J_796_358092000000000_DANI</subfield>
    <subfield code="7">0</subfield>
    <subfield code="9">684434</subfield>
    <subfield code="a">LYDEL</subfield>
    <subfield code="b">THULL</subfield>
    <subfield code="d">2023-05-11</subfield>
    <subfield code="l">0</subfield>
    <subfield code="o">J 796.358092 DANI</subfield>
    <subfield code="p">33228031026348</subfield>
    <subfield code="r">2023-05-11</subfield>
    <subfield code="w">2023-05-11</subfield>
  </datafield>
</record>
